00539nam a2200169 a 450000100100000000500170001000800410002702000180006804000250008608200200011110000250013124500740015626000370023030000270026750000470029450400280034100004704020201002053316.0180412s2016 dr a 000 0 spa d a9789945123593 aDO-SdBNPbspacBNPHU axxxxbR457c, 5o1 aReyes Báez, Yanett10aCiencias de la naturaleza 5 :bnivel primario /cYanett Reyes Báez. aSanto Domingo :bSusaeta,c2016. a206 p. :bil ;c29 cm. aEnfoque por competencias nuevo currículo aBibliografía : p. 206